000 00620nam a2200193 i 4500
001 61923
003 ES-MaACL
005 20260201161700.0
007 t|
008 031114s1955 sp ||||1| spa d
100 1 _aFaulkner, William,
_d1897-1962
_9242365
245 1 4 _aUna fábula /
_cWilliam Faulkner ; [versión española de Antonio Ribera ; prólogo de Agustín Bartra].
260 _aBarcelona :
_bExito,
_c[1955] (
_fDuplex)
300 _a373 p. ;
_c20 cm.
700 1 _aRibera, Antonio.
_996769
700 1 _aBartra, Agustí
_926185
852 _aES-MaACL
_jC-10487
_bR.38257
999 _c61923
_d61923